[Event "Titled Tuesday intern op 16th Apr Early"]
[Site "Chess.com INT"]
[Date "2024.04.16"]
[Round "10"]
[White "Durarbayli, Vasif"]
[Black "Shimanov, Aleksandr"]
[Result "0-1"]
[WhiteElo "2627"]
[BlackElo "2576"]
[PlyCount "88"]
[EventDate "2024.04.16"]
[EventType "swiss (blitz)"]
[EventRounds "11"]
[EventCountry "USA"]
[SourceTitle "CB17_2024"]
[SourceDate "2024.04.24"]
[SourceVersion "1"]
[SourceVersionDate "2024.04.24"]
[SourceQuality "1"]

1. e4 b6 2. d4 Bb7 3. Nc3 e6 4. Nf3 Nf6 5. Bd3 Bb4 6. e5 Ne4 7. Bxe4 Bxe4 8. 0-0 Bb7 9. Ng5 Bxc3 10. bxc3 Nc6 11. f4 h6 12. Qh5 g6 13. Qh3 Na5 14. a4 Nc4 15. Ba3 Nxa3 16. Rxa3 Qe7 17. Raa1 a5 18. Nf3 0-0-0 19. Nd2 f5 20. c4 g5 21. Qa3 Qg7 22. Rae1 gxf4 23. Rf2 d6 24. exd6 Rxd6 25. c3 Rg8 26. Ree2 e5 27. dxe5 Rd3 28. Qb2 f3 29. Nxf3 Bxf3 30. Rd2 Rxd2 31. Qxd2 Bc6 32. Qf4 Kb7 33. c5 Re8 34. cxb6 cxb6 35. Qxf5 Rxe5 36. Qb1 Rg5 37. g3 Qe7 38. Qf1 Rg7 39. Re2 Qc5+ 40. Qf2 Qd5 41. Qf6 Qh1+ 42. Kf2 Qxh2+ 43. Ke1 Qxg3+ 44. Kd2 Rd7+ 0-1

[Event "Titled Tuesday intern op 02nd Apr Early"]
[Site "Chess.com INT"]
[Date "2024.04.02"]
[Round "1"]
[White "Shimanov, Aleksandr"]
[Black "Orzech, Dominik"]
[Result "1-0"]
[WhiteElo "2576"]
[BlackElo "2248"]
[PlyCount "97"]
[EventDate "2024.04.02"]
[EventType "swiss (blitz)"]
[EventRounds "11"]
[EventCountry "USA"]
[SourceTitle "CB15_2024"]
[SourceDate "2024.04.10"]
[SourceVersion "1"]
[SourceVersionDate "2024.04.10"]
[SourceQuality "1"]

1. d4 d5 2. Nf3 Nf6 3. e3 c5 4. Nbd2 cxd4 5. exd4 Nc6 6. c3 Bf5 7. Be2 e6 8. Nh4 Bg6 9. Nxg6 hxg6 10. g3 Bd6 11. 0-0 Qc7 12. Nf3 a6 13. Bd3 Ne7 14. Re1 Nf5 15. Kg2 b5 16. Bd2 0-0 17. Ne5 Bxe5 18. Rxe5 Nd6 19. Re2 Nc4 20. Bf4 Qc6 21. h4 Rfc8 22. Rc1 a5 23. Rec2 a4 24. Qe2 Ra7 25. b3 axb3 26. axb3 Na3 27. Ra2 Ne4 28. c4 bxc4 29. bxc4 Qb7 30. c5 Ra4 31. Be3 Nxc5 32. dxc5 d4+ 33. Kg1 dxe3 34. Qxe3 Qd5 35. Rd2 Qb3 36. h5 Rb4 37. hxg6 fxg6 38. c6 Nb5 39. Qe5 Nd4 40. Be4 Nf3+ 41. Bxf3 Qxf3 42. Qxe6+ Kh7 43. Qxc8 Rh4 44. gxh4 g5 45. hxg5 Kg6 46. c7 Kxg5 47. Qd8+ Kg6 48. c8Q Qg2+ 49. Kxg2 1-0

[Event "Titled Tuesday intern op 12th Mar Early"]
[Site "Chess.com INT"]
[Date "2024.03.12"]
[Round "1"]
[White "Shimanov, Aleksandr"]
[Black "Shubenkova, Veronika"]
[Result "1-0"]
[WhiteElo "2578"]
[BlackElo "2007"]
[PlyCount "79"]
[EventDate "2024.03.12"]
[EventType "swiss (blitz)"]
[EventRounds "11"]
[EventCountry "USA"]
[SourceTitle "CB12_2024"]
[SourceDate "2023.10.01"]
[SourceVersion "1"]
[SourceVersionDate "2023.10.01"]
[SourceQuality "1"]

1. Nf3 d5 2. g3 c6 3. Bg2 Nf6 4. 0-0 g6 5. b3 Bg7 6. Bb2 0-0 7. c4 Nbd7 8. d4 Ne4 9. e3 e6 10. Qe2 f5 11. Ne1 Qe7 12. f3 Nd6 13. Nd3 dxc4 14. Ne5 cxb3 15. axb3 Nxe5 16. dxe5 Nb5 17. Nd2 Rd8 18. Nc4 Bd7 19. e4 Be8 20. Qe3 a6 21. h3 Rac8 22. g4 fxe4 23. fxe4 g5 24. Rf6 h6 25. Raf1 Rc7 26. h4 gxh4 27. g5 Qd7 28. gxh6 Bxf6 29. exf6 Qf7 30. Qg5+ Kh7 31. Bh3 Qh5 32. Qf4 Qxh6 33. Bxe6 Qxf4 34. Rxf4 Rd1+ 35. Kf2 Nd4 36. Bg4 Rb1 37. Bxd4 c5 38. Bf5+ Bg6 39. Rxh4+ Kg8 40. Be5 1-0

[Event "Moscow Aeroflot op-A"]
[Site "Moscow"]
[Date "2024.03.07"]
[Round "9"]
[White "Shimanov, Aleksandr"]
[Black "Yakubboev, Nodirbek"]
[Result "0-1"]
[WhiteElo "2578"]
[BlackElo "2661"]
[PlyCount "86"]
[EventDate "2024.03.03"]
[EventType "swiss"]
[EventRounds "9"]
[EventCountry "RUS"]
[SourceTitle "CB11_2024"]
[SourceDate "2024.03.13"]
[SourceVersion "1"]
[SourceVersionDate "2024.03.13"]
[SourceQuality "1"]

1. d4 Nf6 2. Nf3 d5 3. Bf4 c5 4. e3 Nc6 5. Nbd2 e6 6. c3 cxd4 7. exd4 Nh5 8. Be3 Bd6 9. Ne5 Nf6 10. f4 Qb6 11. a4 Qxb2 12. Rc1 Qb6 13. Qf3 Qc7 14. Bd3 Ne7 15. 0-0 Bd7 16. g4 Bc6 17. Qh3 Ne4 18. Nxc6 Nxd2 19. Bxd2 Nxc6 20. f5 0-0-0 21. c4 Ba3 22. cxd5 Bxc1 23. Rxc1 Rxd5 24. Be3 Qd6 25. Qf3 Kb8 26. Be4 Nxd4 27. Qf2 e5 28. Rb1 Rd8 29. Qa2 Rd7 30. Kf2 Rc5 31. Qb2 Rdc7 32. Rd1 Rc4 33. Rd2 Qb4 34. Qa1 Qxa4 35. Qb1 Rb4 36. Qh1 f6 37. g5 a5 38. Qg1 Qe8 39. Qd1 a4 40. Rd3 Rb3 41. Rd2 Rxe3 42. Kxe3 Qb5 43. Kf2 Qc5 0-1

[Event "Titled Tuesday intern op 06th Feb Early"]
[Site "Chess.com INT"]
[Date "2024.02.06"]
[Round "4"]
[White "Shimanov, Aleksandr"]
[Black "Alonso Rosell, Alvar"]
[Result "0-1"]
[WhiteElo "2578"]
[BlackElo "2564"]
[PlyCount "76"]
[EventDate "2024.02.06"]
[EventType "swiss (blitz)"]
[EventRounds "11"]
[EventCountry "USA"]
[SourceTitle "CB07_2024"]
[SourceDate "2024.02.14"]
[SourceVersion "1"]
[SourceVersionDate "2024.02.14"]
[SourceQuality "1"]

1. e4 c6 2. Nc3 d5 3. Qe2 d4 4. Nd1 e5 5. d3 c5 6. f4 exf4 7. Bxf4 Nc6 8. Nf3 Bd6 9. e5 Bc7 10. Nf2 Ba5+ 11. Kd1 Nge7 12. Ne4 0-0 13. Nxc5 Nd5 14. g3 Bc3 15. Kc1 Bg4 16. Bg2 Rc8 17. a3 Na5 18. Ne4 Bxb2+ 19. Kxb2 Qb6+ 20. Kc1 Nb3+ 21. Kb2 Nc3 22. Qe1 Na4+ 23. Kb1 Nd2+ 24. Kc1 Nxf3 25. Qb4 Qc6 26. Ra2 a5 27. Qxa5 Ra8 28. Qb4 Rfc8 29. Rf1 Qe6 30. Kb1 Qxa2+ 31. Kxa2 Rxc2+ 32. Ka1 Rxg2 33. Rc1 Be6 34. Ng5 Nc3 35. Rxc3 dxc3 36. Qxc3 Nxg5 37. Bxg5 h6 38. Be3 Rc8 0-1

[Event "Chessable Masters Div 2 Win"]
[Site "Chess.com INT"]
[Date "2024.02.02"]
[Round "1.2"]
[White "Shimanov, Aleksandr"]
[Black "Ter Sahakyan, Samvel"]
[Result "1/2-1/2"]
[WhiteElo "2578"]
[BlackElo "2640"]
[PlyCount "76"]
[EventDate "2024.02.02"]
[EventType "k.o. (rapid)"]
[EventRounds "6"]
[EventCountry "USA"]
[SourceTitle "CB06_2024"]
[SourceDate "2024.02.07"]
[SourceVersion "1"]
[SourceVersionDate "2024.02.07"]
[SourceQuality "1"]

1. c4 e5 2. g3 c6 3. Nf3 e4 4. Nd4 d5 5. cxd5 Qxd5 6. Nc2 Nf6 7. Nc3 Qe5 8. Bg2 Na6 9. 0-0 Be7 10. Nxe4 Nxe4 11. f4 Qd5 12. d3 Bc5+ 13. Ne3 Bf5 14. dxe4 Bxe4 15. Qxd5 cxd5 16. Bxe4 dxe4 17. a3 0-0-0 18. Kg2 Rhe8 19. b4 Bd4 20. Ra2 Nc7 21. Nc4 b5 22. Na5 Bb6 23. Nb3 Rd5 24. Rc2 Kb7 25. Bd2 Ne6 26. Rfc1 Red8 27. Be1 Rd1 28. Bf2 Rxc1 29. Rxc1 f5 30. Kf1 h5 31. h4 g6 32. Kg2 Rc8 33. Rxc8 Kxc8 34. Bxb6 axb6 35. Kf2 Kd7 36. Ke3 Kd6 37. Nd4 Nxd4 38. Kxd4 Ke6 1/2-1/2

[Event "Chessable Masters Play In"]
[Site "Chess.com INT"]
[Date "2024.01.31"]
[Round "7"]
[White "Firouzja, Alireza"]
[Black "Shimanov, Aleksandr"]
[Result "1-0"]
[WhiteElo "2759"]
[BlackElo "2578"]
[PlyCount "137"]
[EventDate "2024.01.31"]
[EventType "swiss (rapid)"]
[EventRounds "9"]
[EventCountry "USA"]
[SourceTitle "CB06_2024"]
[SourceDate "2024.02.07"]
[SourceVersion "1"]
[SourceVersionDate "2024.02.07"]
[SourceQuality "1"]

1. e4 e6 2. d4 d5 3. Nc3 Nf6 4. e5 Nfd7 5. f4 c5 6. Nf3 Nc6 7. Be3 Be7 8. a3 b6 9. Bb5 Bb7 10. 0-0 g6 11. Qe1 a6 12. Bxc6 Bxc6 13. Rd1 Qc7 14. Bf2 b5 15. dxc5 Nxc5 16. Bh4 Bxh4 17. Qxh4 Qe7 18. Qf2 Ne4 19. Nxe4 dxe4 20. Nd4 Bb7 21. Nb3 Rc8 22. Rd6 Qc7 23. c3 0-0 24. Qb6 Qe7 25. Nc5 Ba8 26. Rfd1 Qh4 27. Nd7 Qxf4 28. Qf2 Qg5 29. h4 Qe7 30. Nxf8 Qxf8 31. Qf6 Bd5 32. Rd7 e3 33. Re1 Bc6 34. Rd6 Qh6 35. Rd8+ Rxd8 36. Qxd8+ Kg7 37. Qg5 Qxg5 38. hxg5 h6 39. gxh6+ Kxh6 40. Rxe3 Kg5 41. Rh3 Kf5 42. Rh7 Kxe5 43. Rxf7 a5 44. Kf2 a4 45. g3 Bd5 46. Ke3 Bc4 47. Rf4 Bd5 48. Rf8 Bc4 49. Rc8 Kf5 50. Rc5+ Kg4 51. Kf2 Bd3 52. Re5 Bc4 53. Re4+ Kf5 54. Rf4+ Ke5 55. Ke3 Bd5 56. g4 g5 57. Rf8 Bb3 58. Rc8 Bc4 59. Rc5+ Kf6 60. Rxc4 bxc4 61. Kd4 Ke7 62. Kxc4 Kd6 63. b4 axb3 64. Kxb3 Kc5 65. Kc2 Kc4 66. a4 e5 67. Kd2 Kc5 68. Kd3 Kd5 69. a5 1-0